000 00475nam a2200193Ia 4500
008 170918s9999 xx 000 0 und d
020 _a9780590745154
050 _bH515 1994
100 _aHennessy, B. G.
245 _aRoad builders /
245 _cby B. G. Hennessy ; pictures by Simms Taback.
260 _aNew York :
260 _bScholastic,
260 _c1994
300 _aunpaged :
300 _bcolored illustration ;
300 _c26cm.
500 _a600
999 _c342799
_d342799